Datum a čas kvízu
38.5
Celkem bodů
Celkový počet nahraných bodů na tomto kvízu bez doplňovacích otázek.
1.
Pořadí na kvízu
Konečné umístění týmu na tomto kvízu.
Zaznamenané odpovědi
| # | Otázka | Odpověď | Body | Výsledky |
|---|---|---|---|---|
| 1. | Minulé pondělí došlo k obnoven... | Družba | 1 | |
| 2. | Bílý dům chtěl po americkém ná... | John McCain | 0 | |
| 3. | Spekulace o obsazení hlavní ro... | Robert Pattinson | 1 | |
| 4. | V úterý byl vyhlášen v České r... | Den daňové svobody | 1 | |
| 5. | Jeden z fanoušků letošního vít... | (Škoda) Favorit | 1 | |
| 6. | Začneme samotným slovem vzduch... | povětří | 0 | |
| 7. | Kvalitě vzduchu v restauracích... | 2. čtvrtletí 2017 | 1 | |
| 8. | Seřaďte první čtyři vrstvy atm... | 1A 2B 3C 4D | 0 | |
| 9. | Černé soustředné čáry na mapě... | hektopascal (hPa) | 1 | |
| 10. | Jak se nazývá dýchací systém n... | vzdušnice | 1 |